[Event "Match"]
[Site "www.echecsemail.com"]
[Date "2015.10.27"]
[Round "1"]
[White "Daviko"]
[Black "Carlosto"]
[WhiteElo "1109"]
[BlackElo "1680"]
[Result "1-0"]
[Round "1"]
1.c4 e6
2.e4 Ng8f6
3.Ng1f3 Nf6xe4
4.Bf1d3 d5
5.Nf3e5 Bf8d6
6.cxd5 exd5
7.Bd3b5 c6
8.Ne5xf7 Kxf7
9.Bb5a4 Rh8f8
10.d3 Kg8
11.dxe4 Qd8b6
12.O-O Bd6c5
13.Bc1e3 d4
14.Ba4b3 Kh8
15.Be3f4 Rf8xf4
16.Qd1h5 g6
17.Qh5h6 Rf4xe4
18.Nb1d2 Bc8e6
19.Nd2xe4 Be6f5
20.Ne4xc5 Qb6xc5
21.Rf1e1 Nb8d7
22.Ra1c1 Qc5b4
23.a3 Qb4xb3
24.Re1e7 Nd7f8
25.Qh6g7 { resign }
1-0

[Event "Eq:Clubul Central de Sah-chibcha : "]
[Site "www.chess-mail.com"]
[Date "2015.10.27"]
[Round "1"]
[White "Pispindroi"]
[Black "Carazo"]
[WhiteElo "2620"]
[BlackElo "1940"]
[Result "1-0"]
[Round "1"]
1.d4 d5
2.c4 dxc4
3.e4 b5
4.a4 Bc8a6
5.axb5 Ba6xb5
6.Nb1a3 Bb5a6
7.Na3xc4 Ng8f6
8.e5 Nf6d5
9.e6 fxe6
10.Ra1xa6 Qd8d7
11.Nc4e5 Qd7c8
12.Bf1b5 Kd8
13.Ne5f7 { resign }
1-0

[Event "Tourn. n8463"]
[Site "www.chess-mail.com"]
[Date "2015.10.28"]
[Round "1"]
[White "Masteratches"]
[Black "Guidom"]
[WhiteElo "1949"]
[BlackElo "2090"]
[Result "1-0"]
[Round "1"]
1.d4 d5
2.c4 dxc4
3.e4 e5
4.Ng1f3 exd4
5.Bf1xc4 c5
6.Nf3e5 Bc8e6
7.Bc4xe6 fxe6
8.Qd1h5 Ke7
9.Qh5f7 Kd6
10.Nb1a3 Kxe5
11.Qf7f4 
1-0

[Event "Tourn. n8432"]
[Site "www.chess-mail.com"]
[Date "2015.10.28"]
[Round "1"]
[White "Goosebumps"]
[Black "Cardiff"]
[WhiteElo "1699"]
[BlackElo "1780"]
[Result "0-1"]
[Round "1"]
1.e4 e5
2.f4 d5
3.exd5 e4
4.Nb1c3 Ng8f6
5.d3 Bf8b4
6.Bc1d2 e3
7.Bd2xe3 Qd8e7
8.Qd1f3 Bb4xc3
9.bxc3 Nf6xd5
10.Qf3xd5 Qe7xe3
11.Ng1e2 O-O
12.Qd5e4 Qe3b6
13.g3 Nb8c6
14.d4 Bc8g4
15.Kd2 Rf8e8
16.Qe4d5 Ra8d8
17.Qd5b3 Qb6a5
18.Qb3xb7 Bg4f3
19.Rh1g1 Nc6xd4
20.Qb7b2 Nd4xe2
{ resign }
0-1

[Event "Tourn. n8407"]
[Site "www.chess-mail.com"]
[Date "2015.10.28"]
[Round "1"]
[White "Nikas"]
[Black "Hansen"]
[WhiteElo "1499"]
[BlackElo "1530"]
[Result "1-0"]
[Round "1"]
1.e4 e5
2.Ng1f3 Bf8d6
3.Nb1c3 a6
4.Bf1c4 Nb8c6
5.O-O Nc6d4
6.Nf3xd4 exd4
7.Qd1f3 Qd8e7
8.Nc3d5 Qe7d8
9.Nd5b6 cxb6
10.Qf3xf7 
1-0

[Event "Tourn. n8390"]
[Site "www.chess-mail.com"]
[Date "2015.10.28"]
[Round "1"]
[White "Jaroslavpech"]
[Black "Xkafi"]
[WhiteElo "2210"]
[BlackElo "2030"]
[Result "1-0"]
[Round "1"]
1.e4 e5
2.Bf1c4 Bf8c5
3.Ng1f3 Qd8f6
4.c3 d6
5.d4 exd4
6.cxd4 Bc5b6
7.Nb1c3 c6
8.O-O Bc8g4
9.e5 dxe5
10.Nc3e4 Qf6d8
11.Qd1b3 Qd8d7
12.Nf3xe5 Qd7f5
13.Ne4d6 { resign }
1-0

[Event "Tourn. n8389"]
[Site "www.chess-mail.com"]
[Date "2015.10.28"]
[Round "1"]
[White "Terrible"]
[Black "Stepanpech"]
[WhiteElo "2310"]
[BlackElo "2320"]
[Result "1-0"]
[Round "1"]
1.d4 Ng8f6
2.Ng1f3 g6
3.g3 Bf8g7
4.Bf1g2 O-O
5.O-O d6
6.c4 Nb8d7
7.Nb1c3 e5
8.dxe5 dxe5
9.Bc1g5 h6
10.Bg5e3 e4
11.Nf3d4 Nf6g4
12.Qd1d2 Nd7e5
13.b3  { time }
1-0

[Event "Tourn. n8401"]
[Site "www.chess-mail.com"]
[Date "2015.10.28"]
[Round "1"]
[White "Aperturaf"]
[Black "Stepanpech"]
[WhiteElo "2390"]
[BlackElo "2320"]
[Result "1-0"]
[Round "1"]
1.e4 c6
2.d4 d5
3.e5 Bc8f5
4.Ng1f3 e6
5.Bf1e2 Nb8d7
6.O-O Ng8e7
7.Bc1e3 c5
8.c4 dxc4
9.Nb1a3 c3
10.Na3b5  { time }
1-0

[Event "Tourn. n8343"]
[Site "www.chess-mail.com"]
[Date "2015.10.28"]
[Round "1"]
[White "Rons"]
[Black "Numanoid"]
[WhiteElo "2570"]
[BlackElo "2490"]
[Result "1-0"]
[Round "1"]
1.e4 d6
2.d4 g6
3.Nb1c3 Ng8f6
4.f4 Bf8g7
5.Ng1f3 O-O
6.Bf1d3 Nb8d7
7.e5 Nf6e8
8.Nc3e4 c5
9.c3 Qd8b6
10.Qd1e2 cxd4
11.cxd4 Nd7b8
12.Bc1e3 Nb8c6
13.d5 Qb6a5
14.Be3d2 Nc6b4
15.Bd3c4 Qa5b6
16.O-O-O Bc8f5
17.a3 Ra8c8
18.Bd2xb4 Qb6c7
19.Rd1d4 b5
20.Ne4g3 Bf5d7
21.Kb1 bxc4
22.Rh1c1 Qc7b6
23.Qe2d2 Qb6a6
24.h3 Bd7a4
25.Ng3e4  { time }
1-0

[Event "Tourn. n8434"]
[Site "www.chess-mail.com"]
[Date "2015.10.28"]
[Round "1"]
[White "Cardiff"]
[Black "Malbertan"]
[WhiteElo "1800"]
[BlackElo "2080"]
[Result "1/2-1/2"]
[Round "1"]
1.d4 f5
2.h3 Ng8f6
3.g4 fxg4
4.hxg4 Nf6xg4
5.Qd1d3 Ng4h6
6.Bc1xh6 gxh6
7.Qd3f5 d6
8.Qf5h5 Kd7
9.Bf1h3 e6
10.d5 Ke7
11.Qh5h4 Ke8
12.Qh4h5 { draw }
1/2-1/2

[Event "Tourn. n8369"]
[Site "www.chess-mail.com"]
[Date "2015.10.28"]
[Round "1"]
[White "Xkafi"]
[Black "Libiesse"]
[WhiteElo "2090"]
[BlackElo "2140"]
[Result "0-1"]
[Round "1"]
1.c4 c5
2.Nb1c3 Nb8c6
3.e3 e6
4.a3 Ng8f6
5.h3 g6
6.Ng1f3 Bf8g7
7.Nc3b5 O-O
8.Bf1d3 d5
9.O-O a6
10.Nb5c3 d4
11.exd4 cxd4
12.Nc3e4 e5
13.Ne4xf6 Qd8xf6
14.Bd3e4 Bc8d7
15.d3 Qf6e6
16.Nf3g5 Qe6d6
17.Bc1d2 f6
18.Be4d5 Kh8
19.Ng5f7 Rf8xf7
20.Bd5xf7 Ra8f8
21.Bf7d5 f5
22.Bd5xc6 Qd6xc6
23.Qd1c1 e4
24.dxe4 Qc6xe4
25.Bd2h6 Bd7c6
26.f3 Qe4h4
27.Bh6xg7 Kxg7
28.Qc1d2 Rf8e8
29.Ra1d1 Re8d8
30.Rf1e1 Bc6a4
31.Rd1c1 d3
32.Rc1c3 Ba4c2
33.Kf1 Kf7
34.Re1e3 Qh4f4
35.Rc3xd3 Bc2xd3
36.Kf2 Qf4d4
37.g3 Bd3xc4
38.Qd2xd4 Rd8xd4
39.Re3c3 Ke6
40.Ke3 Kd5
41.b3 Bc4b5
42.Rc3c7 Rd4d3
43.Kf4 Bb5c6
44.Rc7xh7 Ke6
{ resign }
0-1

[Event "Tourn. n8402"]
[Site "www.chess-mail.com"]
[Date "2015.10.28"]
[Round "1"]
[White "Cardiff"]
[Black "Relaxmax"]
[WhiteElo "1780"]
[BlackElo "1669"]
[Result "0-1"]
[Round "1"]
1.d4 d5
2.e3 c5
3.Ng1f3 Nb8c6
4.c3 e6
5.Bf1b5 Qd8b6
6.Qd1e2 Ng8f6
7.O-O a6
8.Bb5xc6 bxc6
9.Nb1d2 cxd4
10.exd4 c5
11.dxc5 Bf8xc5
12.Nd2b3 Bc5d6
13.Bc1e3 Qb6c7
14.h3 O-O
15.Ra1c1 Qc7e7
16.Be3g5 a5
17.Nf3e5 h6
18.Ne5c6 Qe7c7
19.Bg5xf6 gxf6
20.Qe2g4 Kh7
21.Qg4f3 Qc7xc6
22.c4 Bc8b7
23.cxd5 Qc6xd5
{ resign }
0-1

[Event "Tourn. n8333"]
[Site "www.chess-mail.com"]
[Date "2015.10.28"]
[Round "1"]
[White "Johnmcbride"]
[Black "Jhw"]
[WhiteElo "1790"]
[BlackElo "1779"]
[Result "0-1"]
[Round "1"]
1.d4 g6
2.e3 c6
3.Bf1d3 d5
4.f4 Bf8g7
5.Ng1f3 a6
6.O-O Qd8d6
7.c3 b5
8.b4 a5
9.Bc1a3 a4
10.Ba3c1 Ng8f6
11.a3 Bc8g4
12.h3 Bg4xf3
13.Qd1xf3 Nb8d7
14.Ra1a2 e6
15.Bc1d2 Nd7b6
16.Bd2e1 h5
17.Be1h4 O-O-O
18.Bh4g3 Qd6f8
19.Bg3h4 Nb6d7
20.Qf3e2 Kc7
21.Bh4g3 Qf8d6
22.f5 Qd6xg3
23.fxe6 fxe6
24.Rf1f3 Qg3d6
25.Bd3xg6 Rd8g8
26.Bg6f7 Rg8f8
27.Bf7g6 Rh8h6
28.Bg6d3 e5
29.Rf3f2 e4
30.Bd3c2 h4
31.Bc2d1 Nf6h5
32.Qe2g4 Nd7f6
33.Qg4e2 Rh6g6
34.Qe2f1 Bg7h6
35.Kh1 Nh5g3
36.Kg1 Ng3xf1
37.Rf2xf1 Bh6xe3
38.Kh1 Rf8g8
39.Ra2e2 Rg6g3
40.Nb1d2 Be3xd2
41.Re2xd2 e3
42.Rd2d3 Rg3xg2
{ resign }
0-1

[Event "Tourn. n8410"]
[Site "www.chess-mail.com"]
[Date "2015.10.28"]
[Round "1"]
[White "Mitja"]
[Black "Orhany24"]
[WhiteElo "2000"]
[BlackElo "2030"]
[Result "0-1"]
[Round "1"]
1.d4 d5
2.e3 Bc8f5
3.h3 Ng8f6
4.c3 e6
5.Ng1f3 h6
6.Bf1d3 Bf5xd3
7.Qd1xd3 Bf8e7
8.Nb1d2 O-O
9.O-O c5
10.dxc5 Be7xc5
11.Nd2b3 Bc5d6
12.Rf1e1 Nb8c6
13.Nb3d4 Nc6e5
14.Nf3xe5 Bd6xe5
15.f4 Be5d6
16.Re1f1 a6
17.b3 Ra8c8
18.Bc1b2 Nf6e4
19.Nd4e2 f5
20.Qd3d4 Bd6c5
21.Qd4d3 Qd8h4
22.Ra1c1 Rf8d8
23.Rc1d1 Ne4g3
24.Ne2xg3 Qh4xg3
25.Rf1e1 b5
26.b4 Bc5b6
27.Rd1d2 Rc8c7
28.Qd3e2 Rc7c4
29.Qe2f2 Qg3xf2
30.Kxf2 Rc4e4
31.g3 Kf7
32.a3 Rd8g8
33.h4 g5
34.Rd2e2 gxh4
35.gxh4 Re4xf4

0-1

[Event "Tourn. n8459"]
[Site "www.chess-mail.com"]
[Date "2015.10.28"]
[Round "1"]
[White "Jhw"]
[Black "Goosebumps"]
[WhiteElo "2000"]
[BlackElo "2130"]
[Result "0-1"]
[Round "1"]
1.c4 e5
2.e4 Nb8c6
3.Nb1c3 Bf8c5
4.d3 Ng8f6
5.Nc3d5 h6
6.h4 Nc6d4
7.Ng1f3 c6
8.Nd5xf6 Qd8xf6
9.Bf1e2 O-O
10.Nf3g5 Nd4e6
11.Ng5f3 Rf8d8
12.a3 d5
13.exd5 cxd5
14.cxd5 Rd8xd5
15.Ra1b1 e4
16.Qd1b3 exf3
17.Qb3xd5 fxe2
18.Bc1e3 Bc5xe3
19.fxe3 Qf6g6
20.Rb1c1 Qg6f6
21.Kxe2 Qf6xb2
22.Kf3 Qb2xa3
23.g4 Qa3e7
24.Rc1c4 Ra8b8
25.Rc4e4 Bc8d7
26.Ke2 Bd7c6
27.Qd5h5 Bc6xe4
28.dxe4 Qe7c5
29.g5 Rb8d8
30.Rh1f1 Qc5c4
31.Ke1 Qc4c1
32.Kf2 Qc1d2
33.Kf3 Rd8d3
34.gxh6 Rd3xe3
35.Kg4 Qd2e2
{ resign }
0-1

[Event "Tourn. n8427"]
[Site "www.chess-mail.com"]
[Date "2015.10.28"]
[Round "1"]
[White "Luban"]
[Black "Guidom"]
[WhiteElo "2140"]
[BlackElo "2170"]
[Result "1/2-1/2"]
[Round "1"]
1.d4 d5
2.Ng1f3 c6
3.e3 Bc8g4
4.c4 e6
5.a3 Bf8d6
6.Nb1c3 Ng8f6
7.h3 Bg4h5
8.Bf1d3 dxc4
9.Bd3xc4 Nb8d7
10.e4 Bd6e7
11.b4 O-O
12.Bc1b2 Bh5g6
13.Bc4d3 Nd7b6
14.O-O Ra8c8
15.Qd1b3 Qd8c7
16.Ra1c1 Qc7b8
17.Rf1d1 Rf8d8
18.Nf3h4 Rd8xd4
19.Nh4xg6 hxg6
20.Nc3d5 Rd4xd5
21.exd5 cxd5
22.Rc1c2 Rc8d8
23.Rd1c1 Nf6e4
24.a4 Ne4f6
25.a5 Nb6d7
26.Bd3b5 a6
27.Bb5xd7 Nf6xd7
28.Qb3a4 Nd7f6
29.Bb2d4 Qb8d6
30.Bd4c5 Qd6d7
31.Qa4xd7 Rd8xd7
32.Bc5xe7 Rd7xe7
33.Rc2c7 Kf8
34.Rc7c8 Nf6e8
35.Rc8b8 f6
36.Rc1c8 Kf7
37.f4 e5
38.fxe5 fxe5
39.Rc8c5 d4
40.Kf1 Ne8d6
41.Rb8d8 Nd6e4
42.Rc5d5 Ne4f6
43.Rd5c5 Nf6e4
44.Rc5d5 Ne4f6
{ draw }
1/2-1/2

[Event "Tourn. n8430"]
[Site "www.chess-mail.com"]
[Date "2015.10.28"]
[Round "1"]
[White "Fred"]
[Black "Lino"]
[WhiteElo "1970"]
[BlackElo "2069"]
[Result "0-1"]
[Round "1"]
1.e4 c5
2.f4 d5
3.e5 Nb8c6
4.c3 Bc8f5
5.Ng1f3 e6
6.Bf1b5 Qd8b6
7.Bb5a4 Bf5d3
8.Ba4c2 Bd3a6
9.d3 d4
10.cxd4 cxd4
11.O-O Ng8e7
12.Nb1d2 Ne7d5
13.Nd2b3 Nd5e3
14.Bc1xe3 dxe3
15.Rf1e1 e2
{ resign }
0-1

[Event "Match"]
[Site "www.echecsemail.com"]
[Date "2015.10.28"]
[Round "1"]
[White "Guidom"]
[Black "Genius7"]
[WhiteElo "2150"]
[BlackElo "1730"]
[Result "1/2-1/2"]
[Round "1"]
1.e4 c6
2.d4 d5
3.exd5 cxd5
4.Bc1f4 Ng8f6
5.c3 Qd8b6
6.Qd1b3 Nb8d7
7.Nb1d2 Qb6xb3
8.axb3 e6
9.Ng1f3 a6
10.b4 b6
11.Bf1d3 Bc8b7
12.Nf3e5 Bf8e7
13.O-O O-O
14.Nd2f3 Rf8c8
15.h3 Nd7xe5
16.Nf3xe5 h6
17.Rf1e1 Rc8d8
18.Kf1 Nf6d7
{ draw }
1/2-1/2

[Event "Match"]
[Site "www.echecsemail.com"]
[Date "2015.10.28"]
[Round "1"]
[White "Rocio"]
[Black "Carlosto"]
[WhiteElo "1499"]
[BlackElo "1680"]
[Result "1-0"]
[Round "1"]
1.d4 e6
2.e4 d5
3.Nb1c3 Nb8c6
4.Bf1b5 a6
5.Bb5xc6 bxc6
6.Ng1e2 Ng8f6
7.Ne2g3 Bf8d6
8.e5 Bd6b4
9.exf6 Qd8xf6
10.O-O c5
11.Bc1e3 c4
12.a3 Bb4d6
13.Qd1g4 e5
14.dxe5 Bd6xe5
15.Qg4e2 d4
16.Be3xd4 O-O
17.Qe2xe5 Qf6xe5
18.Bd4xe5 Rf8e8
19.Be5xc7 Ra8a7
20.Bc7f4 Ra7d7
21.Ra1d1 Rd7b7
22.Rf1e1 Kf8
23.Bf4d6 Re8e7
24.Bd6xe7 Rb7xe7
25.Rd1d8 { resign }
1-0

[Event "Match"]
[Site "www.echecsemail.com"]
[Date "2015.10.28"]
[Round "1"]
[White "Geodad5"]
[Black "Joseph1983"]
[WhiteElo "2180"]
[BlackElo "2170"]
[Result "0-1"]
[Round "1"]
1.e4 d6
2.d4 Ng8f6
3.Nb1c3 g6
4.Bf1e2 Bf8g7
5.Bc1e3 O-O
6.Ng1f3 Nb8d7
7.h3 e5
8.Qd1d2 c6
9.O-O-O Rf8e8
10.dxe5 dxe5
11.g4 Qd8a5
12.Rd1g1 Nd7c5
13.Kb1 Nc5a4
14.Nc3xa4 Qa5xa4
15.g5 Nf6xe4
16.Qd2c1 Bc8e6
17.c4 Ne4d6
18.b3 Qa4a5
19.h4 Be6f5
20.Kb2 e4
21.Nf3d4 c5
22.Rg1d1 cxd4
23.Be3xd4 Bg7xd4
24.Rd1xd4 Qa5e5
25.Qc1c3 Bf5e6
26.Rh1d1 Nd6f5
{ resign }
0-1

[Event "Match"]
[Site "www.echecsemail.com"]
[Date "2015.10.28"]
[Round "1"]
[White "Goosebumps"]
[Black "Ditto"]
[WhiteElo "1699"]
[BlackElo "1850"]
[Result "0-1"]
[Round "1"]
1.e4 e5
2.Ng1f3 Nb8c6
3.Bf1c4 Ng8f6
4.Nf3g5 d5
5.exd5 Nc6d4
6.d6 Qd8xd6
7.Ng5xf7 Qd6c6
8.Nf7xh8 Qc6xg2
9.d3 Qg2xh1
10.Kd2 Qh1xh2
11.Kc3 Qh2xf2
12.Nb1d2 Bc8g4
13.Qd1h1 Nd4e2
{ resign }
0-1

[Event "Match"]
[Site "www.echecsemail.com"]
[Date "2015.10.28"]
[Round "1"]
[White "Goosebumps"]
[Black "Tomcapp"]
[WhiteElo "1699"]
[BlackElo "1640"]
[Result "1-0"]
[Round "1"]
1.e4 e5
2.Ng1f3 Nb8c6
3.Bf1c4 Bf8c5
4.b4 Bc5d4
5.c3 Bd4b6
6.d4 exd4
7.cxd4 Ng8f6
8.O-O d6
9.Bc1g5 O-O
10.a3 Bc8g4
11.d5 Nc6e5
12.Bc4e2 Qd8d7
13.Nf3xe5 Qd7e8
14.Ne5xg4 Nf6xg4
15.Be2xg4 Qe8xe4
16.Rf1e1 Qe4g6
17.Bg5e3 Bb6xe3
18.Re1xe3 b6
19.Re3g3 a5
20.Nb1c3 axb4
21.axb4 Ra8xa1
22.Qd1xa1 Qg6c2
23.Nc3b5 Qc2e4
24.Bg4f3 Qe4xb4
25.Qa1xg7 
1-0

[Event "Match"]
[Site "www.echecsemail.com"]
[Date "2015.10.28"]
[Round "1"]
[White "Emerchess"]
[Black "Canario"]
[WhiteElo "1299"]
[BlackElo "1820"]
[Result "1-0"]
[Round "1"]
1.Ng1f3 Nb8c6
2.d4 d5
3.Bc1f4 Ng8f6
4.h3 h6
5.e3 Bc8f5
6.c3 e6
7.Bf1d3 Bf5e4
8.Bd3c2 Bf8d6
9.Bf4xd6 Qd8xd6
10.Nb1d2 O-O
11.O-O Nc6e7
12.Nd2xe4 Nf6xe4
13.Nf3d2 Ne4xd2
14.Qd1xd2 a6
15.Qd2d3 g6
16.Ra1d1 b5
17.f4 f5
18.g4 c5
19.Bc2b1 c4
20.Qd3c2 Qd6c6
21.h4 Ne7c8
22.Qc2g2 Nc8d6
23.gxf5 Nd6xf5
24.Qg2xg6 Kh8
25.Kh2 Rf8g8
26.Qg6f6 Rg8g7
27.Bb1xf5 Ra8e8
28.Rf1g1 Re8g8
29.Qf6xh6 { resign }
1-0

[Event "Match"]
[Site "www.echecsemail.com"]
[Date "2015.10.28"]
[Round "1"]
[White "Daviko"]
[Black "Santifx"]
[WhiteElo "999"]
[BlackElo "1759"]
[Result "0-1"]
[Round "1"]
1.e4 e5
2.Nb1c3 Nb8c6
3.Ng1f3 Ng8f6
4.d3 Bf8b4
5.a3 Bb4a5
6.Nf3g5 h5
7.d4 exd4
8.Bf1c4 d5
9.exd5 Nf6xd5
10.Bc4xd5 Qd8xd5
11.b4 Qd5xg2
12.Qd1e2 Nc6e7
13.Qe2f3 Qg2xf3
14.Ng5xf3 dxc3
15.bxa5 Bc8g4
16.Nf3d4 c5
17.Nd4b5 O-O-O
18.Nb5xa7 Kb8
19.Bc1g5 f6
20.Bg5e3 Rd8d5
21.Na7b5 Ne7f5
22.Be3f4 Kc8
23.Nb5xc3 Rh8e8
24.Kf1 Bg4h3
25.Kg1 Nf5d4
26.Ra1d1 Nd4e2
{ resign }
0-1

[Event "Match"]
[Site "www.echecsemail.com"]
[Date "2015.10.28"]
[Round "1"]
[White "Llord"]
[Black "Jhw"]
[WhiteElo "1870"]
[BlackElo "1880"]
[Result "1-0"]
[Round "1"]
1.e4 c5
2.Bf1c4 Qd8b6
3.Qd1f3 e6
4.Ng1h3 Nb8c6
5.O-O Nc6e5
6.Qf3c3 Bf8d6
7.Nb1a3 a6
8.Bc4e2 f5
9.exf5 exf5
10.Kh1 Qb6c6
11.f4 Ne5g6
12.d3 Ng8f6
13.Nh3g5 O-O
14.Na3c4 b5
15.Nc4xd6 Qc6xd6
16.Bc1e3 Qd6c6
17.Be2f3 d5
18.Be3xc5 Rf8e8
19.b4 Ng6xf4
20.Qc3d2 Nf4g6
21.Ra1e1 Re8xe1
22.Rf1xe1 Bc8d7
23.c4 bxc4
24.dxc4 Qc6c7
25.Bf3xd5 Kh8
26.Ng5f7 Kg8
27.Re1e3 Nf6xd5
28.Qd2xd5 Ra8e8
29.Nf7d6 Kh8
30.Re3xe8 Bd7xe8
31.Nd6xe8 Qc7f4
32.b5 Ng6e5
33.Ne8c7 h6
34.Nc7e6 Qf4f1
35.Bc5g1 Ne5xc4
36.Qd5d8 Kh7
37.Ne6f8 Kg8
38.Nf8g6 Kf7
39.Ng6h8 Ke6
40.Qd8c8 Kf6
41.Qc8c6 Kg5
42.Qc6g6 Kf4
43.Qg6g3 Ke4
44.Qg3f3 Qf1xf3
45.gxf3 Kd5
46.bxa6 Kc6
47.a7 Kb7
48.Nh8f7 Nc4a5
49.Nf7d6 Ka8
50.Nd6b5 { resign }
1-0

[Event "Match"]
[Site "www.echecsemail.com"]
[Date "2015.10.28"]
[Round "1"]
[White "Guidom"]
[Black "Goosebumps"]
[WhiteElo "2120"]
[BlackElo "2140"]
[Result "1/2-1/2"]
[Round "1"]
1.d4 g6
2.e4 Bf8g7
3.c3 d6
4.Ng1f3 Bc8g4
5.Bf1e2 Ng8f6
6.Nb1d2 Nb8d7
7.h3 Bg4xf3
8.Be2xf3 O-O
9.O-O c5
10.Nd2b3 cxd4
11.cxd4 e6
12.Bc1g5 Qd8b6
13.Ra1c1 Ra8c8
14.Qd1d3 Rc8c7
15.Rc1xc7 Qb6xc7
16.Rf1c1 Qc7b8
17.Qd3c4 Nd7b6
18.Qc4c7 Qb8xc7
19.Rc1xc7 Rf8b8
20.Nb3a5 Nf6e8
21.Rc7xb7 Rb8xb7
22.Na5xb7 Bg7xd4
23.b3 f6
24.Bg5d2 Kf7
{ draw }
1/2-1/2

[Event "Match"]
[Site "www.echecsemail.com"]
[Date "2015.10.28"]
[Round "1"]
[White "Pellix84"]
[Black "Jhw"]
[WhiteElo "2030"]
[BlackElo "1900"]
[Result "0-1"]
[Round "1"]
1.d4 Ng8f6
2.Ng1f3 g6
3.Nb1c3 Bf8g7
4.e4 d6
5.Bf1d3 b6
6.Bc1e3 Bc8b7
7.Qd1d2 d5
8.e5 Nf6g4
9.h4 Qd8d7
10.h5 Ng4xe3
11.Qd2xe3 Qd7g4
12.hxg6 fxg6
13.O-O-O h5
14.Nf3h4 Bg7h6
15.Bd3xg6 Kd8
{ resign }
0-1

[Event "Match"]
[Site "www.echecsemail.com"]
[Date "2015.10.28"]
[Round "1"]
[White "Guidom"]
[Black "Cardiff"]
[WhiteElo "2150"]
[BlackElo "1780"]
[Result "1/2-1/2"]
[Round "1"]
1.e4 e6
2.d4 d5
3.exd5 exd5
4.Ng1f3 Bf8d6
5.Bf1d3 Ng8f6
6.O-O O-O
7.Bc1g5 Rf8e8
8.Nb1d2 c6
9.c3 Nb8d7
10.Qd1c2 h6
11.Bg5h4 Qd8c7
12.h3 g5
13.Nf3xg5 hxg5
14.Bh4xg5 Bd6f8
15.Nd2f3 Bf8g7
16.Rf1e1 Re8xe1
17.Ra1xe1 Nd7f8
18.Nf3e5 Nf8e6
19.Bg5h4 Ne6f4
20.Qc2d2 Nf4xd3
21.Qd2xd3 Bc8e6
22.f4 Nf6e4
23.Qd3f3 Be6f5
24.g4 Bf5h7
25.c4 Ra8e8
26.c5 b6
27.b4 bxc5
28.bxc5 Re8b8
29.Re1e2 Rb8b1
{ draw }
1/2-1/2

[Event "Eq:Los Tercios-Clubul Central de Sah : "]
[Site "www.chess-mail.com"]
[Date "2015.10.28"]
[Round "1"]
[White "Calulalb"]
[Black "Vasylpuzanov"]
[WhiteElo "2730"]
[BlackElo "2280"]
[Result "1-0"]
[Round "1"]
1.c4 e5
2.Nb1c3 Nb8c6
3.Ng1f3 Bf8c5
4.e3 d6
5.Bf1e2 Ng8f6
6.a3 Bc8g4
7.d4 Bc5b6
8.dxe5 dxe5
9.Qd1xd8 Ra8xd8
10.b4 a6
11.h3 Bg4h5
12.Bc1b2 O-O
13.g4 Bh5g6
14.Nf3h4 Rf8e8
15.Nh4xg6 hxg6
16.g5 Nf6d7
17.Nc3e4 Nd7f8
18.Ra1d1 Nf8e6
19.h4 Rd8xd1
20.Be2xd1  { time }
1-0

[Event "Eq:Los Tercios-Clubul Central de Sah : "]
[Site "www.chess-mail.com"]
[Date "2015.10.28"]
[Round "1"]
[White "Rocadamica"]
[Black "Churrasca"]
[WhiteElo "2690"]
[BlackElo "2180"]
[Result "1-0"]
[Round "1"]
1.e4 c5
2.Ng1f3 d6
3.d4 cxd4
4.Nf3xd4 Ng8f6
5.Nb1c3 g6
6.Bc1e3 Bf8g7
7.f3 O-O
8.Qd1d2 Nb8c6
9.O-O-O Bc8d7
10.g4 Ra8c8
11.h4 Nc6e5
12.h5 Ne5c4
13.Bf1xc4 Rc8xc4
14.hxg6 fxg6
15.e5 dxe5
16.Nd4e6 Bd7xe6
17.Qd2xd8 Rf8xd8
18.Rd1xd8 Bg7f8
19.Be3h6 Nf6d7
20.Nc3e4 Rc4d4
21.c3 Rd4d5
22.Ne4g5 Be6f7
23.Bh6xf8 Nd7xf8
24.Ng5xf7 Rd5xd8
25.Nf7xd8 Nf8d7
26.Rh1d1 { resign }
1-0

[Event "Eq:Slap Shot Mates-La Taverne : "]
[Site "www.chess-mail.com"]
[Date "2015.10.28"]
[Round "1"]
[White "Leswamp"]
[Black "Gilliere"]
[WhiteElo "2200"]
[BlackElo "1830"]
[Result "1-0"]
[Round "1"]
1.d4 d5
2.c4 e6
3.Ng1f3 h6
4.Nb1c3 Ng8f6
5.Bc1f4 Bf8b4
6.e3 Nb8d7
7.Qd1b3 Bb4xc3
8.Qb3xc3 Nf6e4
9.Qc3a5 b6
10.Qa5a3 Bc8b7
11.cxd5 exd5
12.Ra1c1 c6
13.Bf1d3 Nd7f6
14.Nf3e5 Qd8c7
15.Ne5g6 Qc7d7
16.Ng6xh8 O-O-O
17.Qa3xa7 Rd8xh8
18.Qa7b8 
1-0

[Event "Fast Game"]
[Site "www.echecsemail.com"]
[Date "2015.10.28"]
[Round "1"]
[White "Takfarov"]
[Black "Masteratches"]
[WhiteElo "1599"]
[BlackElo "1599"]
[Result "0-1"]
[Round "1"]
1.e4 c6
2.d4 d5
3.e5 Bc8f5
4.Bf1d3 Bf5xd3
5.Qd1xd3 e6
6.Ng1f3 c5
7.c3 Nb8d7
8.Bc1e3 Ng8e7
9.O-O Ne7f5
10.Nb1d2 Bf8e7
11.h3 O-O
12.Nf3h2 Qd8b6
13.b3 Ra8c8
14.g4 Nf5xe3
15.fxe3 cxd4
16.cxd4 f6
 { time }
0-1

[Event "Fast Game"]
[Site "www.echecsemail.com"]
[Date "2015.10.28"]
[Round "1"]
[White "Nikas"]
[Black "Takfarov"]
[WhiteElo "1599"]
[BlackElo "1599"]
[Result "1-0"]
[Round "1"]
1.e4 e6
2.Ng1f3 d5
3.exd5 exd5
4.d4 Ng8f6
5.Nb1c3 c6
6.Bf1d3 Bf8e7
7.O-O O-O
8.Bc1g5 Bc8g4
9.Bd3e2  { time }
1-0

[Event "Tourn. n8423"]
[Site "www.chess-mail.com"]
[Date "2015.10.29"]
[Round "1"]
[White "Hundegana"]
[Black "Norlavuaram"]
[WhiteElo "2020"]
[BlackElo "2180"]
[Result "0-1"]
[Round "1"]
1.e4 e5
2.Ng1f3 Nb8c6
3.Bf1b5 a6
4.Bb5xc6 dxc6
5.h3 f6
6.c4 Bc8e6
7.b3 Bf8c5
8.O-O Ng8e7
9.Bc1b2 Qd8d7
10.Qd1c2 O-O
11.d3 Ra8d8
12.Rf1d1 Ne7g6
13.a3 Ng6f4
14.b4 Bc5a7
15.c5 Qd7f7
16.Rd1d2 Rd8d7
17.d4 exd4
18.Rd2xd4 Rd7xd4
19.Nf3xd4 Be6c8
20.Nb1c3 Nf4e6
21.Nd4xe6 Bc8xe6
22.g4 b6
23.cxb6 cxb6
24.Ra1e1 Rf8d8
25.Kg2 c5
26.bxc5 bxc5
27.Re1d1 Rd8b8
28.Rd1d6 Be6b3
29.Qc2d2 Qf7f8
30.Nc3e2 Bb3a4
31.Rd6xa6 Rb8d8
32.Qd2c3 Ba4b5
33.Ra6xa7 Bb5xe2
34.e5 fxe5
35.Qc3xe5 Qf8f3
36.Kh2 Qf3xf2
37.Kh1 Be2f3
{ resign }
0-1

[Event "Tourn. n8392"]
[Site "www.chess-mail.com"]
[Date "2015.10.29"]
[Round "1"]
[White "Jhw"]
[Black "Pariolinius"]
[WhiteElo "1930"]
[BlackElo "1950"]
[Result "0-1"]
[Round "1"]
1.e4 d6
2.b3 Ng8f6
3.Nb1c3 g6
4.d4 Bf8g7
5.Bf1d3 O-O
6.h3 Nb8c6
7.Ng1f3 e5
8.dxe5 Nc6xe5
9.Nf3g5 Ne5xd3
10.cxd3 h6
11.Ng5f3 c6
12.O-O Rf8e8
13.Rf1e1 Nf6xe4
14.d4 Ne4xc3
15.Qd1d3 Re8xe1
16.Nf3xe1 Nc3d5
17.Ne1f3 Bc8f5
18.Qd3d2 Kh7
19.g4 Bf5e4
20.Nf3h2 Qd8b6
21.f3 Bg7xd4
22.Kg2 Bd4e3
23.Qd2b2 Be3d4
24.Qb2e2 Bd4xa1
25.Qe2xe4 Ba1g7
26.g5 h5
{ resign }
0-1

[Event "Tourn. n8403"]
[Site "www.chess-mail.com"]
[Date "2015.10.29"]
[Round "1"]
[White "Pariolinius"]
[Black "Mitja"]
[WhiteElo "1940"]
[BlackElo "1960"]
[Result "0-1"]
[Round "1"]
1.d4 d5
2.Ng1f3 e6
3.Bc1g5 Bf8e7
4.Bg5xe7 Qd8xe7
5.e3 a6
6.c4 dxc4
7.Bf1xc4 c6
8.O-O Ng8f6
9.Nb1c3 b5
10.Bc4d3 Bc8b7
11.Qd1c2 Nb8d7
12.e4 Nd7b6
13.b3 h6
14.e5 Nf6d5
15.Rf1e1 Nd5xc3
16.Qc2xc3 O-O
17.Qc3b2 Ra8d8
18.Ra1d1 Nb6d5
19.Rd1c1 Nd5b4
20.Bd3b1 Rd8c8
21.a3 Nb4d5
22.Qb2d2 Rf8d8
23.Re1e4 f5
24.Re4h4 Qe7xa3
25.Bb1c2 Qa3e7
26.Rh4h3 Kf7
27.Bc2d1 Rd8h8
28.Nf3h4 g5
29.Bd1h5 Kg7
30.Nh4g6 Qe7d7
31.Ng6xh8 Nd5f4
32.Rh3g3 Nf4xh5
33.Rg3e3 Kxh8
34.g3 Qd7d5
35.Rc1c5 Qd5d7
36.Re3d3 Kh7
37.h4 gxh4
38.Kh2 hxg3
39.fxg3 Qd7e7
40.Qd2e2 Nh5g7
41.g4 Rc8g8
42.gxf5 Ng7xf5
43.Qe2f2 Rg8g5
44.Rd3h3 Qe7g7
45.Rc5c3 c5
46.Rc3xc5 Rg5g2
{ resign }
0-1

[Event "Tourn. n8455"]
[Site "www.chess-mail.com"]
[Date "2015.10.29"]
[Round "1"]
[White "Dulap"]
[Black "Roque1"]
[WhiteElo "1619"]
[BlackElo "1520"]
[Result "0-1"]
[Round "1"]
1.e4 c5
2.Ng1f3 e6
3.d4 cxd4
4.Nf3xd4 Ng8f6
5.Nb1c3 Bf8b4
6.Bf1d3 Qd8b6
7.Bc1e3 Bb4c5
8.e5 Qb6xb2
{ resign }
0-1

[Event "Tourn. n8419"]
[Site "www.chess-mail.com"]
[Date "2015.10.29"]
[Round "1"]
[White "Cirovicz"]
[Black "Maredocla"]
[WhiteElo "2010"]
[BlackElo "2020"]
[Result "1-0"]
[Round "1"]
1.e4 c5
2.Ng1f3 Nb8c6
3.Bf1c4 Ng8f6
4.e5 d5
5.exf6 dxc4
6.fxg7 Bf8xg7
7.Nb1c3 Bc8g4
8.O-O Nc6d4
9.Nc3e4 Nd4xf3
10.gxf3 Bg4h3
11.Rf1e1 f5
12.f4 Bh3g4
13.f3 Bg7d4
14.Kg2 Bg4xf3
15.Qd1xf3 fxe4
16.Qf3h5 Kf8
17.Re1xe4 Qd8d6
18.f5 Qd6d5
19.d3 cxd3
20.Bc1h6 Bd4g7
21.Bh6xg7 Kxg7
22.f6 { resign }
1-0